000
00258nam a22001097a 4500
008
160519b xxu||||| |||| 00| 0 eng d
020
_a
081517098X
041
_a
eng
080
_a
61
245
_a
Clinical laboratory medicine:
_c
Richard Ravel;
942
_2
udc
_c
BK
999
_c
2233
_d
2233